004460000a2200133000450024501010000065000170010165000150011865000160013365000240014965100340017304100140020710000220022177300690024310aPatrones en las defensas de las plantas: ¿porqué los herbívoros prefieren ciertas especies?14aHerbivoría14aEcología14aEvolución14aPatrones de defensa 4dIsla Barro ColoradopPanamá0 aEspañol1 aColey, Phyllis D.1 tRevista de Biología Tropical3129hSuppl. 1q151-164d1987g35